header

Solutions to problems of controlling long waves with the help of micro-structure tools (Record no. 232224)

MARC details
000 -LEADER
fixed length control field 01145nam a2200277 a 4500
100 1# - MAIN ENTRY--AUTHOR NAME
Personal name Arabadzhi, Vladimir V.
245 10 - TITLE STATEMENT
Title Solutions to problems of controlling long waves with the help of micro-structure tools
260 ## - PUBLICATION, DISTRIBUTION, ETC. (IMPRINT)
Place of publication [Sharjah, United Arab Emirates :
Name of publisher Bentham Books,
Year of publication 2011]
300 ## - PHYSICAL DESCRIPTION
Number of Pages 173 p. :
Other physical details ill.
650 #0 - SUBJECT ADDED ENTRY--TOPICAL TERM
Topical Term Sound-waves.
Topical Term Microstructure.
856 40 - ELECTRONIC LOCATION AND ACCESS
Uniform Resource Identifier http://site.ebrary.com/lib/rucke/Doc?id=10493970

No items available.

© 2026 Rongo University
Contact us: librarian | system librarian | Rongo university